Statistics for Super Mario Odyssey Story Moons

Click here to take the quiz!

General Stats

  • This quiz has been taken 60 times
  • The average score is 6 of 38

Answer Stats

KingdomTypeAnswer% Correct
CascadePower MoonOur First Power Moon
97%
CascadeMulti-MoonMulti-Moon Atop The Falls
56%
SandPower MoonMoon Shards In The Sand
51%
SandPower MoonAtop The Highest Tower
38%
SandMulti-MoonShowdown On The Inverted Pyramid
36%
MetroPower MoonDrummer On Board!
23%
MetroPower MoonBassist On Board!
21%
LakeMulti-MoonBroodals Over The Lake
21%
MetroMulti-MoonA Traditional Festival!
18%
MetroPower MoonGuitarist On Board!
18%
WoodedMulti-MoonDefend The Secret Flower Field!
15%
WoodedPower MoonThe Road To Sky Garden
15%
MetroPower MoonTrumpeter On Board!
13%
RuinedMulti-MoonBattle With The Lord Of Lightning!
10%
WoodedPower MoonPath To The Secret Flower Field
10%
MetroPower MoonPowering Up The Station
10%
LuncheonPower MoonThe Broodals Are After Some Cookin’!
10%
SeasidePower MoonThe Hot Spring Seal
10%
SnowPower MoonThe Ice Wall Barrier
10%
SeasidePower MoonThe Lighthouse Seal
10%
MetroMulti-MoonThe Scourge On The Skyscraper
10%
SnowPower MoonThe Snowy Mountain Barrier
10%
SeasidePower MoonThe Stone Pillar Seal
10%
WoodedMulti-MoonFlower Thieves Of Sky Garden
8%
SnowMulti-MoonThe Bound Bowl Grand Prix
8%
SandMulti-MoonThe Hole In The Sand
8%
SnowPower MoonThe Icicle Barrier
8%
SnowPower MoonThe Gusty Barrier
5%
Bowser’sPower MoonBig Broodal Battle
3%
LuncheonPower MoonClimb Up The Cascading Magma
3%
LuncheonMulti-MoonCookatiel Showdown
3%
Bowser’sPower MoonInfiltrate Bowser’s Castle!
3%
SeasidePower MoonThe Seal Above The Canyon
3%
LuncheonPower MoonUnder The Cheese Rocks
3%
LuncheonMulti-MoonBig Pot On The Volcano: Dive In!
0%
Bowser’sMulti-MoonShowdown At Bowser’s Castle
0%
Bowser’sPower MoonSmart Bombing
0%
SeasideMulti-MoonThe Glass Is Half Empty!
0%

Score Distribution

Percentile by Number Answered

Percent of People with Each Score

Your Score History

You have not taken this quiz